| 000 | 04066cam a2200781 i 4500 | ||
|---|---|---|---|
| 999 |
_c10646 _d10646 |
||
| 001 | 21467558 | ||
| 003 | GZU | ||
| 005 | 20220630122717.0 | ||
| 008 | 200312t20192019nyu 000 1 eng d | ||
| 010 | _a 2020288317 | ||
| 020 |
_a9781538761601 _q(hardcover) |
||
| 020 |
_a9781509874453 _q(hardcover) |
||
| 020 |
_a9781538761632 _q(paperback) |
||
| 020 |
_z9781538717905 _q(signed edition) |
||
| 020 |
_z9781538733998 _q(International trade) |
||
| 020 |
_z9781538761625 _q(ebook) |
||
| 035 | _a(OCoLC)on1126278726 | ||
| 040 |
_aNjBwBT _beng _cOQX _erda _dOQX _dOCLCQ _dOCLCO _dIUK _dGL9 _dTCH _dUAP _dRB0 _dGO6 _dTXSCH _dJTH _dNDS _dALECL _dOCLCF _dOCLCO _dCNCAR _dOCLCO _dT3Q _dOCLCO _dTXENN _dKYC _dOCLCO _dQMC _dOCLCO _dYU6 _dDLC |
||
| 042 | _alccopycat | ||
| 043 | _an-us-ga | ||
| 050 | 0 | 0 |
_aPS3552. _bBAL 2019 |
| 100 | 1 |
_aBaldacci, David, _eauthor. _d1960 - |
|
| 245 | 1 | 2 |
_aA minute to midnight / _cDavid Baldacci. |
| 264 | 1 |
_aLondon; New York : _bMacmillan; Grand Central Publishing, _c[2019] |
|
| 264 | 4 | _c©2019 | |
| 300 |
_a418 pages ; _c24 cm. |
||
| 336 |
_atext _btxt _2rdacontent |
||
| 337 |
_aunmediated _bn _2rdamedia |
||
| 338 |
_avolume _bnc _2rdacarrier |
||
| 490 | 1 |
_aAtlee Pine series ; _v2 |
|
| 500 | _a Psychological fiction Fiction Action and adventure fiction Thrillers (Fiction) Romans, nouvelles, etc | ||
| 520 | _aAtlee Pine has spent most of her life trying to find out what happened one fateful night in Andersonville, Georgia. Her six-year-old twin sister, Mercy, was taken and Atlee was left for dead while their parents were apparently partying downstairs. One person who continues to haunt her is notorious serial killer, Daniel James Tor, confined to a Colorado maximum security prison. Does he really know what happened to Mercy? The family moved away. The parents divorced. And Atlee chose a career with the FBI dedicating her life to catching those who hurt others. When she oversteps the mark on the arrest of a dangerous criminal, she's given a leave of absence, offering the perfect opportunity to return to where it all began and find some answers. But the trip to Andersonville turns into a roller-coaster ride of murder, long-buried secrets, and lies. And a revelation so personal that everything she once believed to be true is fast turning to dust. | ||
| 650 | 0 |
_aMissing persons _vFiction. |
|
| 650 | 0 |
_aSerial murders _vFiction. |
|
| 650 | 0 |
_aTwin sisters _vFiction. |
|
| 650 | 0 |
_aFamily secrets _vFiction. |
|
| 650 | 0 |
_aSecrecy _vFiction. |
|
| 650 | 0 |
_aSmall cities _vFiction. |
|
| 650 | 0 |
_aMurder _xInvestigation _vFiction. |
|
| 650 | 7 |
_aFICTION / Thrillers / Suspense. _2bisacsh |
|
| 650 | 7 |
_aFICTION / Action & Adventure. _2bisacsh |
|
| 650 | 7 |
_aFICTION / Mystery & Detective / International Crime & Mystery. _2bisacsh |
|
| 650 | 7 |
_aFamily secrets. _2fast _0(OCoLC)fst01737651 |
|
| 650 | 7 |
_aMissing persons. _2fast _0(OCoLC)fst01023702 |
|
| 650 | 7 |
_aMurder _xInvestigation. _2fast _0(OCoLC)fst01029788 |
|
| 650 | 7 |
_aSecrecy. _2fast _0(OCoLC)fst01110644 |
|
| 650 | 7 |
_aSerial murders. _2fast _0(OCoLC)fst01113115 |
|
| 650 | 7 |
_aSmall cities. _2fast _0(OCoLC)fst01743749 |
|
| 650 | 7 |
_aTwin sisters. _2fast _0(OCoLC)fst01762227 |
|
| 650 | 7 |
_aMurderers _vFiction. _2sears |
|
| 650 | 7 |
_aHomicide _vFiction. _2sears |
|
| 650 | 7 |
_aSecrecy _vFiction. _2sears |
|
| 651 | 0 |
_aGeorgia _vFiction. |
|
| 651 | 7 |
_aGeorgia. _2fast _0(OCoLC)fst01204622 |
|
| 651 | 7 |
_aGeorgia _vFiction. _2sears |
|
| 655 | 7 |
_aDetective and mystery fiction. _2fast _0(OCoLC)fst01726581 |
|
| 655 | 7 |
_aFiction. _2fast _0(OCoLC)fst01423787 |
|
| 655 | 7 |
_aThrillers (Fiction) _2fast _0(OCoLC)fst01726755 |
|
| 655 | 7 |
_aSuspense fiction. _2gsafd |
|
| 655 | 7 |
_aMystery fiction. _2gsafd |
|
| 655 | 7 |
_aThrillers (Fiction) _2lcgft |
|
| 655 | 7 |
_aDetective and mystery fiction. _2lcgft |
|
| 655 | 7 |
_aMystery fiction. _2sears |
|
| 800 | 1 |
_aBaldacci, David. _tAtlee Pine series ; _v2. |
|
| 906 |
_a7 _bcbc _ccopycat _d2 _encip _f20 _gy-gencatlg |
||
| 942 |
_2lcc _cBK _h3552 _iBAL _kPS |
||